| 000 | 00783nam a2200205 a 4500 | ||
|---|---|---|---|
| 003 | 0 | ||
| 005 | 20250524102415.0 | ||
| 008 | 021121s19uu xx 00 eng d | ||
| 050 |
_aPGS LB 3427 _b.Y94 2000 |
||
| 100 | _aYuki, Mari D. | ||
| 245 |
_aPerceptions of grade six students school year 1999-2000 to the interest clubs of Southville International School / _cMari D. Yuki. |
||
| 260 |
_aLas PiƱas City, Philippines : _bSouthville International School and Colleges, _c2000. |
||
| 300 |
_a22 pages : _billustrations ; _c28 cm. |
||
| 504 | _aIncludes bibliographical references. | ||
| 650 | _aStudent activities. | ||
| 650 | _aStudent clubs. | ||
| 650 |
_aExtracurricular activities _vEducational aspects. |
||
| 650 |
_aGrade school students _vAttitudes. |
||
| 942 |
_2lcc _cPASS |
||
| 999 |
_c96326 _d96326 |
||